Ki az Izabella híd névadója?

Elmentve itt :
Bibliográfiai részletek
Szerző: Bátyai Gitta
Dokumentumtípus: Cikk
Megjelent: 1994-08-27
Sorozat:Délmagyarország 84 No. 200
Kulcsszavak:hidak
Online Access:http://dmarchiv.bibl.u-szeged.hu/91791
LEADER 00441nab a2200157 i 4500
001 delm91791
005 20191009114008.0
008 191009s1994 hu o 0|| hun d
040 |a SZTE Délmagyarország Archívum  |b hun 
041 |a hun 
100 1 |a Bátyai Gitta 
245 1 0 |a Ki az Izabella híd névadója?  |h [elektronikus dokumentum] /  |c  Bátyai Gitta 
260 |c 1994-08-27 
300 |a 13 
490 0 |a Délmagyarország  |v 84 No. 200 
695 |a hidak